Statistics for Sonic Generations

Click here to take the quiz!

General Stats

  • This quiz has been taken 10 times
  • The average score is 8 of 10

Answer Stats

HintAnswer% Correct
Classic EraChemical Plant
100%
Classic EraGreen Hill
100%
Modern EraRooftop Run
100%
Dreamcast EraCity Escape
75%
Modern EraCrisis City
75%
Modern EraPlanet Wisp
75%
Dreamcast EraSeaside Hill
75%
Classic EraSky Sanctuary
75%
Dreamcast EraSpeed Highway
75%
Bonus StageCasino Night
50%

Score Distribution

Percentile by Number Answered

Percent of People with Each Score

Your Score History

You have not taken this quiz